[Event "AUT-ch U10"]
[Site "Vienna"]
[Date "2005.05.29"]
[Round "7.7"]
[White "Cortolezis, Leander"]
[Black "Toth, Wesley"]
[Result "1-0"]
[WhiteElo "1385"]
[BlackElo "1416"]
[PlyCount "49"]
[EventDate "2005.05.27"]
[EventType "swiss"]
[EventRounds "7"]
[EventCountry "AUT"]
[SourceTitle "EXT 2024"]
[Source "ChessBase"]
[SourceDate "2023.10.10"]
[SourceVersion "1"]
[SourceVersionDate "2023.10.10"]
[SourceQuality "1"]

1. e4 e5 2. Nf3 Nc6 3. Bb5 Nf6 4. 0-0 a6 5. Bxc6 dxc6 6. Nxe5 Bd6 7. Nf3 0-0 8. e5 Bg4 9. exd6 cxd6 10. h3 Bh5 11. d4 Ne4 12. Re1 d5 13. Qd3 Re8 14. Bf4 Qf6 15. Be5 Qe7 16. Nc3 Bg6 17. Nxe4 Bxe4 18. Qb3 Qd7 19. Nd2 Bg6 20. c4 dxc4 21. Nxc4 Qd5 22. Qc3 Be4 23. f3 Bg6 24. Nb6 Qd8 25. Nxa8 1-0

[Event "AUT-ch U10"]
[Site "Vienna"]
[Date "2005.05.27"]
[Round "3.3"]
[White "Toth, Wesley"]
[Black "Lang, Leonhard"]
[Result "0-1"]
[WhiteElo "1416"]
[BlackElo "1659"]
[PlyCount "118"]
[EventDate "2005.05.27"]
[EventType "swiss"]
[EventRounds "7"]
[EventCountry "AUT"]
[SourceTitle "EXT 2024"]
[Source "ChessBase"]
[SourceDate "2023.10.10"]
[SourceVersion "1"]
[SourceVersionDate "2023.10.10"]
[SourceQuality "1"]

1. e4 e5 2. Nf3 Nc6 3. Nc3 Nf6 4. d4 exd4 5. Nxd4 Bc5 6. Be3 Bb6 7. Nxc6 bxc6 8. Bxb6 cxb6 9. e5 Ng8 10. Bc4 Ne7 11. 0-0 0-0 12. Qf3 Ng6 13. Rfe1 Qc7 14. Qg3 Qd8 15. Rad1 Qh4 16. Qxh4 Nxh4 17. Rd4 Ng6 18. Bd3 c5 19. Rde4 Bb7 20. R4e3 Nf4 21. Be4 Rab8 22. Bxb7 Rxb7 23. g3 Ng6 24. Nb5 Ne7 25. Nd6 Rbb8 26. Nb5 a6 27. Nd6 Nc8 28. Nxc8 Rfxc8 29. a3 Kf8 30. Re4 Ke7 31. Rh4 h6 32. Rg4 g6 33. Re2 Rc6 34. Rge4 Re6 35. b4 cxb4 36. axb4 Kf8 37. c3 Rb7 38. f3 Rc6 39. Ra2 Rxc3 40. Rxa6 Rb8 41. Kg2 Rc2+ 42. Kh3 Rf2 43. f4 Rd2 44. Re3 Ke7 45. Kg4 Rxh2 46. Rc3 Rd2 47. Rc7 Rd4 48. Ra4 g5 49. Kf5 gxf4 50. gxf4 b5 51. Raa7 Rd8 52. Kg4 Rxb4 53. Kh5 Rxf4 54. Kxh6 Rg4 55. Kh7 Re4 56. Rc5 Rb4 57. Rb7 Rh4+ 58. Kg7 Rdh8 59. Rcxb5 R4h7# 0-1

[Event "AUT-ch U10"]
[Site "Vienna"]
[Date "2005.05.27"]
[Round "1.8"]
[White "Toth, Wesley"]
[Black "Tarmastin, Luca"]
[Result "0-1"]
[WhiteElo "1416"]
[BlackElo "1200"]
[PlyCount "110"]
[EventDate "2005.05.27"]
[EventType "swiss"]
[EventRounds "7"]
[EventCountry "AUT"]
[SourceTitle "EXT 2024"]
[Source "ChessBase"]
[SourceDate "2023.10.10"]
[SourceVersion "1"]
[SourceVersionDate "2023.10.10"]
[SourceQuality "1"]

1. e4 e5 2. Nf3 Nc6 3. Bc4 Bc5 4. c3 Nf6 5. d4 exd4 6. cxd4 Bb6 7. Nc3 0-0 8. 0-0 d6 9. Bg5 h6 10. Bh4 Bg4 11. d5 Ne7 12. Bxf6 gxf6 13. Be2 Ng6 14. Nd2 Bxe2 15. Qxe2 Qe7 16. Qg4 Qe5 17. Na4 Ba5 18. Nc4 Qd4 19. Nxa5 Qxa4 20. Nb3 a5 21. h4 Kh7 22. h5 Ne7 23. Qh4 Ng8 24. Rfc1 c5 25. dxc6 bxc6 26. Qf4 Rfd8 27. Rd1 d5 28. Qf5+ Kh8 29. exd5 cxd5 30. Rxd5 Rxd5 31. Qxd5 Ra7 32. Nc5 Qb5 33. Qd4 Rc7 34. Ne4 Rc4 35. Qd3 Rc1+ 36. Rxc1 Qxd3 37. f3 f5 38. Nf2 Qd2 39. Rc5 Qxb2 40. Rxa5 Qb1+ 41. Kh2 Qc2 42. Nh3 Nf6 43. Ra8+ Kg7 44. a4 Qc6 45. Ra7 Nd7 46. a5 Nc5 47. Nf4 Qc8 48. Kh1 Qb8 49. Re7 Qa8 50. Re5 Qxa5 51. Nd3 Qa1+ 52. Re1 Qa3 53. Nxc5 Qxc5 54. f4 Qf2 55. Rg1 Qh4# 0-1